000 00370nam a2200145Ia 4500
008 230917s9999||||xx |||||||||||||| ||und||
040 _e188975
_aMAIN
041 _aEnglish
082 _a822.33 515R:W
100 _aRay, Ratri
245 0 _aWilliam Shakespeare's Julius Caesar
260 _aNew Delhi
_bAtlantic Publishers
_c2011
300 _av, 188 p.
942 _cBK
999 _c158642
_d158642